Riconosci le Bandiere sbagliate - America del Nord - Quiz n°2 - Statistics

Statistiche generali
  • Questo quiz è stato fatto 7 volte
  • Il punteggio medio è 24 su 30
Statistiche sulle risposte
Domanda Casella Select % Corretto
tutte le bandiere sbagliate
100%
tutte le bandiere sbagliate No
100%
tutte le bandiere sbagliate No
100%
tutte le bandiere sbagliate No
100%
tutte le bandiere sbagliate
100%
tutte le bandiere sbagliate No
100%
tutte le bandiere sbagliate No
100%
tutte le bandiere sbagliate No
100%
tutte le bandiere sbagliate No
100%
tutte le bandiere sbagliate
100%
tutte le bandiere sbagliate No
100%
tutte le bandiere sbagliate No
100%
tutte le bandiere sbagliate No
100%
tutte le bandiere sbagliate No
100%
tutte le bandiere sbagliate No
100%
tutte le bandiere sbagliate No
100%
tutte le bandiere sbagliate No
86%
tutte le bandiere sbagliate No
86%
tutte le bandiere sbagliate No
86%
tutte le bandiere sbagliate
86%
tutte le bandiere sbagliate
86%
tutte le bandiere sbagliate No
71%
tutte le bandiere sbagliate
71%
tutte le bandiere sbagliate No
71%
tutte le bandiere sbagliate No
57%
tutte le bandiere sbagliate
29%
tutte le bandiere sbagliate
14%
tutte le bandiere sbagliate
14%
tutte le bandiere sbagliate
14%
tutte le bandiere sbagliate
14%
Nessun quiz corrispondente trovato
Distribuzione punteggi
Percentuale di utenti per punteggio
Percentile per numero di risposta
I tuoi punteggi nel tempo
Non hai fatto questo quiz